[Event "SR 2. liga A 2011/2012"]
[Site "?"]
[Date "2011.10.09"]
[Round "7.7"]
[White "Jelenciak, Jozef"]
[Black "Skapik, Branislav"]
[Result "0-1"]
[WhiteElo "1942"]
[BlackElo "1848"]
[PlyCount "76"]
[EventDate "2011.??.??"]
[WhiteTeam "Slovakia"]
[BlackTeam "Slovakia"]
[WhiteTeamCountry "SVK"]
[BlackTeamCountry "SVK"]

1. e4 d5 2. exd5 Nf6 3. d4 Nxd5 4. c4 Nb4 5. Be3 Bf5 6. Na3 e6 7. Nf3 Be7 8.
Be2 O-O 9. O-O Nd7 10. Ne1 Nf6 11. Nac2 Nxc2 12. Nxc2 a5 13. f3 h6 14. Qd2 c5
15. Rad1 Qc7 16. Bf4 Qb6 17. Ne3 Bh7 18. d5 Rfd8 19. Kh1 Bd6 20. Bxd6 Rxd6 21.
Qc1 Rad8 22. Rfe1 Kf8 23. Bd3 Bxd3 24. Rxd3 Qc7 25. Red1 Qc8 26. Qc3 b6 27. g4
Qb7 28. Qd2 b5 29. Qxa5 b4 30. Qxc5 Kg8 31. Nc2 exd5 32. Qxb4 Rb6 33. Qc3 Rxb2
34. a3 Rb1 35. Nb4 Rxd1+ 36. Rxd1 d4 37. Qd3 Nxg4 38. Nd5 Nf2+ 0-1

[Event "SR 2. liga A 2011/2012"]
[Site "?"]
[Date "2011.10.09"]
[Round "7.8"]
[White "Hanzluvka, Peter"]
[Black "Farkas, Vladimir"]
[Result "0-1"]
[WhiteElo "1987"]
[BlackElo "1918"]
[PlyCount "160"]
[EventDate "2011.??.??"]
[WhiteTeam "Slovakia"]
[BlackTeam "Slovakia"]
[WhiteTeamCountry "SVK"]
[BlackTeamCountry "SVK"]

1. e4 d6 2. d4 Nf6 3. Nc3 g6 4. Nf3 Bg7 5. Be2 O-O 6. O-O Nbd7 7. Bf4 c6 8. Qd2
Qc7 9. e5 dxe5 10. Nxe5 Qd8 11. Bd3 Nb6 12. Ne2 Re8 13. Bh6 Ng4 14. Bxg7 Kxg7
15. Qf4 Nh6 16. Ng3 f6 17. Nf3 Nd5 18. Qd2 Qd6 19. c4 Nf4 20. Bc2 Ne6 21. Rfe1
Qf4 22. Qd3 Ng5 23. Nxg5 Qxg5 24. Ne4 Qf4 25. g3 Qc7 26. Nc5 Kf7 27. Qd2 Ng8
28. Re3 b6 29. Nd3 Bf5 30. Bb3 Bxd3 31. Qxd3 Kg7 32. Rae1 Rad8 33. Re6 Rd6 34.
d5 Red8 35. Qf3 Rxe6 36. Rxe6 cxd5 37. cxd5 Rd6 38. Qe3 Kf7 39. g4 Kg7 40. g5
Rxe6 41. dxe6 fxg5 42. Qxg5 Nf6 43. Qe3 Qc5 44. Qf4 a5 45. a3 Qb5 46. Qc7 Qc5
47. Qf4 b5 48. Bd1 Qd5 49. Be2 Qc5 50. h4 b4 51. a4 Qd5 52. h5 gxh5 53. Bf3 Qc5
54. Kg2 h6 55. Kf1 Qg5 56. Qc7 Ng8 57. Qc8 Qf5 58. Kg2 h4 59. Qc6 Kf6 60. Qa8
Qg5+ 61. Kh3 h5 62. Qf8+ Kxe6 63. Qc8+ Kf6 64. Qf8+ Ke5 65. Qb8+ Kd4 66. Qb6+
Kd3 67. Qd8+ Kc2 68. Qd1+ Kxb2 69. Qd4+ Kc1 70. Qa1+ Kd2 71. Qb2+ Kd3 72. Be2+
Ke4 73. Qc2+ Ke5 74. Qc7+ Kf6 75. Qc6+ Kg7 76. Qc8 Nf6 77. Qe6 Ng4 78. Qb6 Qf4
79. Bxg4 Qxg4+ 80. Kh2 h3 0-1

[Event "SR 2. liga A 2011/2012"]
[Site "?"]
[Date "2011.10.09"]
[Round "8.1"]
[White "Schwarz, Dusan"]
[Black "Hertel, Ondrej"]
[Result "1-0"]
[WhiteElo "2286"]
[BlackElo "2073"]
[PlyCount "174"]
[EventDate "2011.??.??"]
[WhiteTeam "Slovakia"]
[BlackTeam "Slovakia"]
[WhiteTeamCountry "SVK"]
[BlackTeamCountry "SVK"]

1. d4 d5 2. c4 e6 3. Nc3 Nf6 4. Bg5 Nbd7 5. e3 c6 6. Nf3 Qa5 7. cxd5 exd5 8.
Bd3 Bd6 9. O-O O-O 10. Qc2 Re8 11. Rab1 h6 12. Bh4 a6 13. Rfc1 Bb4 14. a3 Bxc3
15. Qxc3 Qxc3 16. Rxc3 Ne4 17. Rc2 g5 18. Bg3 Nxg3 19. hxg3 Nf6 20. b4 Ne4 21.
Nd2 Bf5 22. Nxe4 Bxe4 23. Bxe4 Rxe4 24. a4 Re6 25. Rc5 Kg7 26. b5 axb5 27. axb5
Rd6 28. g4 Ra2 29. bxc6 bxc6 30. Rb6 Rf6 31. f3 Re6 32. Rc3 Re2 33. Rbb3 Ra2
34. Ra3 Rxa3 35. Rxa3 Kf6 36. Kf2 Kg6 37. Ra7 f5 38. gxf5+ Kxf5 39. g4+ Kf6 40.
Rc7 Kg6 41. Ke2 h5 42. gxh5+ Kxh5 43. Rh7+ Kg6 44. Rh1 Kf5 45. Kd3 Rg6 46. Rh5
Ke6 47. e4 Rf6 48. Ke3 dxe4 49. fxe4 Rg6 50. Kf3 Rf6+ 51. Ke3 Rg6 52. Rh2 Kd6
53. Rc2 g4 54. Kf4 g3 55. Rg2 c5 56. e5+ Kd5 57. dxc5 Kxc5 58. Kf5 Rg8 59. Kf6
Kd5 60. e6 Ke4 61. Kf7 Rg4 62. e7 Rf4+ 63. Kg6 Rg4+ 64. Kf6 Kf3 65. Rxg3+ Kxg3
66. e8=Q Rf4+ 67. Ke5 Rf2 68. Qg6+ Kf3 69. Qg5 Re2+ 70. Kd4 Re4+ 71. Kd3 Rg4
72. Qf5+ Kg3 73. Ke3 Kh4 74. Qf6+ Kg3 75. Qe5+ Kg2 76. Qh5 Kg3 77. Qh1 Rg5 78.
Qg1+ Kh4 79. Qh2+ Kg4 80. Ke4 Rg6 81. Qg2+ Kh5 82. Qh3+ Kg5 83. Ke5 Rg7 84.
Qg3+ Kh6 85. Qh4+ Kg6 86. Ke6 Rg8 87. Qg4+ Kh6 1-0

[Event "SR 2. liga A 2011/2012"]
[Site "?"]
[Date "2011.10.09"]
[Round "8.2"]
[White "Liptak, Dusan"]
[Black "Janos, Martin"]
[Result "1/2-1/2"]
[WhiteElo "2075"]
[BlackElo "2252"]
[PlyCount "62"]
[EventDate "2011.??.??"]
[WhiteTeam "Slovakia"]
[BlackTeam "Slovakia"]
[WhiteTeamCountry "SVK"]
[BlackTeamCountry "SVK"]

1. Nf3 c5 2. c4 Nc6 3. d4 cxd4 4. Nxd4 Nf6 5. Nc3 g6 6. e4 d6 7. Be2 Bg7 8. Be3
O-O 9. O-O Bd7 10. Nb3 Be6 11. f3 Ne5 12. Nd5 Rc8 13. Rc1 b6 14. Nd4 Bd7 15.
Qb3 Nh5 16. Nb5 Bxb5 17. Qxb5 e6 18. Nc3 Qh4 19. Rfd1 Rc5 20. Qa4 Nxf3+ 21.
Bxf3 Be5 22. h3 Nf4 23. Qc2 Qg3 24. Ne2 Nxh3+ 25. Kf1 Qh2 26. gxh3 Qxh3+ 27.
Kf2 Qh4+ 28. Kg2 Qh2+ 29. Kf1 Qh3+ 30. Kf2 Qh4+ 31. Kg2 Qh2+ 1/2-1/2

[Event "SR 2. liga A 2011/2012"]
[Site "?"]
[Date "2011.10.09"]
[Round "8.3"]
[White "Novak, Ivan"]
[Black "Puchart, Vladimir"]
[Result "1-0"]
[WhiteElo "2187"]
[BlackElo "2079"]
[PlyCount "57"]
[EventDate "2011.??.??"]
[WhiteTeam "Slovakia"]
[BlackTeam "Slovakia"]
[WhiteTeamCountry "SVK"]
[BlackTeamCountry "SVK"]

1. e4 c5 2. c3 Nf6 3. e5 Nd5 4. Nf3 d6 5. d4 cxd4 6. Bc4 e6 7. cxd4 Nc6 8. O-O
Be7 9. Qe2 O-O 10. Nc3 Nxc3 11. bxc3 d5 12. Bd3 Na5 13. h4 Bxh4 14. g3 Be7 15.
Kg2 Bd7 16. Rh1 g6 17. Qe3 f5 18. exf6 Bxf6 19. Rxh7 Rf7 20. Rh6 Rg7 21. Rxg6
Rxg6 22. Bxg6 Nc4 23. Qh6 Qe7 24. Bg5 Qg7 25. Qh5 Bxg5 26. Nxg5 Kf8 27. Re1 e5
28. dxe5 Ke7 29. Nf3 1-0

[Event "SR 2. liga A 2011/2012"]
[Site "?"]
[Date "2011.10.09"]
[Round "8.4"]
[White "Sturdik, Igor"]
[Black "Janos, Jozef"]
[Result "1-0"]
[WhiteElo "2067"]
[BlackElo "2145"]
[PlyCount "67"]
[EventDate "2011.??.??"]
[WhiteTeam "Slovakia"]
[BlackTeam "Slovakia"]
[WhiteTeamCountry "SVK"]
[BlackTeamCountry "SVK"]

1. e4 c5 2. Nf3 e6 3. d4 cxd4 4. Nxd4 a6 5. Be2 Nf6 6. Nc3 Qc7 7. O-O Bb4 8.
Qd3 d6 9. Bd2 Bc5 10. Nb3 O-O 11. Qg3 Kh8 12. Rad1 Nbd7 13. Nxc5 Nxc5 14. Bf3
e5 15. Bg5 Be6 16. Qh4 Ncd7 17. Rd2 b5 18. Rfd1 b4 19. Ne2 a5 20. Ng3 Ra6 21.
Nf5 Bxf5 22. exf5 Re8 23. Be2 Rb6 24. Bc4 Kg8 25. Bb3 h6 26. Be3 Rc6 27. Ba4
Rc4 28. Qh3 d5 29. Bb3 d4 30. Bxh6 gxh6 31. Qxh6 Nh7 32. Rd3 Kh8 33. Rh3 Ndf8
34. f6 1-0

[Event "SR 2. liga A 2011/2012"]
[Site "?"]
[Date "2011.10.09"]
[Round "8.5"]
[White "Hajek, Lukas"]
[Black "Stetina, Erik"]
[Result "0-1"]
[WhiteElo "2038"]
[BlackElo "2042"]
[PlyCount "66"]
[EventDate "2011.??.??"]
[WhiteTeam "Slovakia"]
[BlackTeam "Slovakia"]
[WhiteTeamCountry "SVK"]
[BlackTeamCountry "SVK"]

1. d4 Nf6 2. c4 e6 3. Nf3 Bb4+ 4. Nbd2 O-O 5. a3 Bxd2+ 6. Qxd2 b6 7. e3 Bb7 8.
Be2 d6 9. b4 Nbd7 10. Bb2 Ne4 11. Qd3 f5 12. O-O Ndf6 13. Nd2 Nxd2 14. Qxd2 Ne4
15. Qc1 Qg5 16. f3 Nf6 17. Bd3 Rad8 18. Qe1 Nh5 19. Ra2 Rf6 20. Bc1 Rg6 21. Re2
e5 22. d5 Bc8 23. Qf2 Rf8 24. Kh1 Rh6 25. Kg1 f4 26. exf4 Nxf4 27. Bxf4 Rxf4
28. Re4 Qh5 29. g3 Rxf3 30. Qg2 Rxd3 31. Rh4 Qg5 32. Rxh6 Qxh6 33. Qf2 Qe3 0-1

[Event "SR 2. liga A 2011/2012"]
[Site "?"]
[Date "2011.10.09"]
[Round "8.6"]
[White "Krist, Milan"]
[Black "Kovacova, Zuzana"]
[Result "1-0"]
[WhiteElo "1990"]
[BlackElo "2123"]
[PlyCount "47"]
[EventDate "2011.??.??"]
[WhiteTeam "Slovakia"]
[BlackTeam "Slovakia"]
[WhiteTeamCountry "SVK"]
[BlackTeamCountry "SVK"]

1. c4 c6 2. Nc3 d5 3. cxd5 cxd5 4. d4 Nf6 5. Nf3 Nc6 6. e3 Bg4 7. Be2 e6 8. O-O
Rc8 9. Bd2 Bd6 10. g3 h5 11. Kg2 Ne4 12. Rc1 g5 13. Nxe4 dxe4 14. Ne5 Bxe2 15.
Qxe2 Bxe5 16. dxe5 g4 17. Rfd1 Qg5 18. Bb4 Rd8 19. Qb5 Rxd1 20. Rxd1 Qxe5 21.
Qxb7 Nxb4 22. Qc8+ Ke7 23. Rd7+ Kf6 24. Qxh8+ 1-0

[Event "SR 2. liga A 2011/2012"]
[Site "?"]
[Date "2011.10.09"]
[Round "8.7"]
[White "Chovanec, Vladimir"]
[Black "Svoboda, Adam"]
[Result "1-0"]
[WhiteElo "2114"]
[BlackElo "1967"]
[PlyCount "79"]
[EventDate "2011.??.??"]
[WhiteTeam "Slovakia"]
[BlackTeam "Slovakia"]
[WhiteTeamCountry "SVK"]
[BlackTeamCountry "SVK"]

1. e4 c5 2. Nc3 d6 3. f4 Nc6 4. Nf3 Nf6 5. Bb5 e6 6. Bxc6+ bxc6 7. d3 d5 8. O-O
Qc7 9. Qe1 Be7 10. Bd2 O-O 11. b3 Ba6 12. Ne5 Nd7 13. Nxd7 Qxd7 14. Rf3 f5 15.
e5 c4 16. dxc4 dxc4 17. Na4 Bb5 18. Nc3 Bc5+ 19. Be3 Bb4 20. a3 Bxc3 21. Qxc3
Qd5 22. a4 Ba6 23. b4 Rfd8 24. Bc5 Rd7 25. Bd6 Rad8 26. Re1 Bb7 27. Rf2 c5 28.
b5 Qd4 29. Qxd4 cxd4 30. Rd1 Rxd6 31. exd6 Rxd6 32. Rfd2 Bd5 33. Rxd4 Rb6 34.
Rxd5 exd5 35. Rxd5 a6 36. Rxf5 axb5 37. axb5 Rd6 38. Kf1 Rd2 39. b6 Rd7 40. Rc5
1-0

[Event "SR 2. liga A 2011/2012"]
[Site "?"]
[Date "2011.10.09"]
[Round "8.8"]
[White "Halas, Miroslav"]
[Black "Danada, Tomas"]
[Result "0-1"]
[WhiteElo "1946"]
[BlackElo "1960"]
[PlyCount "116"]
[EventDate "2011.??.??"]
[WhiteTeam "Slovakia"]
[BlackTeam "Slovakia"]
[WhiteTeamCountry "SVK"]
[BlackTeamCountry "SVK"]

1. e4 e6 2. d4 d5 3. Nc3 Bb4 4. e5 c5 5. Bd2 Ne7 6. dxc5 Bxc5 7. Na4 Bb6 8.
Nxb6 Qxb6 9. Rb1 Bd7 10. Be3 Qc7 11. f4 Nbc6 12. c3 g5 13. g3 h5 14. Nf3 h4 15.
Bg2 Nf5 16. Bf2 f6 17. exf6 gxf4 18. g4 Ne3 19. Bxe3 fxe3 20. Qd3 Qf4 21. Qg6+
Kd8 22. O-O e2 23. Rf2 h3 24. Ng5 Qe3 25. Re1 hxg2 26. Nf7+ Kc7 27. Nxh8 Ne5
28. Rexe2 Qc1+ 29. Kxg2 Nxg6 30. Nxg6 Qg5 31. Ne5 Rf8 32. f7 Bc6 33. Kg3 Rh8
34. Nf3 Qg7 35. Nd4 Bd7 36. Nxe6+ Bxe6 37. Rxe6 Rf8 38. Ref6 Qg5 39. h4 Qe3+
40. R6f3 Qe1 41. h5 Kd7 42. Kh4 Qe7+ 43. g5 Qe4+ 44. Kh3 Qe6+ 45. Kg2 Qg4+ 46.
Rg3 Qxh5 47. g6 Rh8 48. Rff3 Qh1+ 49. Kf2 Rh2+ 50. Ke3 Qe1+ 51. Kf4 Qe4+ 52.
Kg5 Qe7+ 53. Rf6 Qe5+ 54. Rf5 Qxg3+ 55. Kf6 Qh4+ 56. Ke5 Qe7+ 57. Kf4 Rf2+ 58.
Kg4 Qe4+ 0-1

[Event "SR 2. liga A 2011/2012"]
[Site "?"]
[Date "2011.10.09"]
[Round "9.1"]
[White "Varga, David"]
[Black "Kundrik, Peter"]
[Result "1-0"]
[WhiteElo "2355"]
[BlackElo "2260"]
[PlyCount "61"]
[EventDate "2011.??.??"]
[WhiteTeam "Slovakia"]
[BlackTeam "Slovakia"]
[WhiteTeamCountry "SVK"]
[BlackTeamCountry "SVK"]

1. e4 c5 2. Nf3 Nc6 3. d4 cxd4 4. Nxd4 Nf6 5. Nc3 e5 6. Ndb5 d6 7. Bg5 a6 8.
Na3 b5 9. Nd5 Qa5+ 10. Bd2 Qd8 11. c4 Nxe4 12. cxb5 Be6 13. Nc3 Nxd2 14. Qxd2
Nd4 15. bxa6 Be7 16. Nab5 Bg5 17. Qd1 Qb6 18. Ne4 Qa5+ 19. Nbc3 Be7 20. Bd3 f5
21. Ng5 Bc8 22. O-O g6 23. Nf3 Nxf3+ 24. Qxf3 e4 25. Bxe4 fxe4 26. Qxe4 Rxa6
27. Nd5 Ra7 28. b4 Qa6 29. Rfe1 Bf5 30. Qh4 Qb7 31. Nxe7 1-0

[Event "SR 2. liga A 2011/2012"]
[Site "?"]
[Date "2011.10.09"]
[Round "9.2"]
[White "Blatnicky, Miroslav"]
[Black "Lesny, Stefan"]
[Result "1/2-1/2"]
[WhiteElo "2130"]
[BlackElo "2074"]
[PlyCount "124"]
[EventDate "2011.??.??"]
[WhiteTeam "Slovakia"]
[BlackTeam "Slovakia"]
[WhiteTeamCountry "SVK"]
[BlackTeamCountry "SVK"]

1. d4 d5 2. c4 e6 3. Nc3 c6 4. Nf3 f5 5. cxd5 cxd5 6. Bf4 a6 7. e3 Nc6 8. Rc1
Nf6 9. Bd3 Be7 10. O-O O-O 11. Na4 Ne4 12. Ne5 Nxe5 13. Bxe5 Bd7 14. f3 Bxa4
15. Qxa4 Nd6 16. Rf2 b5 17. Qd1 Rc8 18. Rfc2 Rxc2 19. Qxc2 Nc4 20. Bxc4 bxc4
21. b3 Ba3 22. Rb1 cxb3 23. Qxb3 Be7 24. Qb7 a5 25. Bc7 Qa8 26. Qb6 Kf7 27.
Qxa5 Qc6 28. Be5 Ra8 29. Qd2 Qc4 30. Rb2 Bf6 31. Bxf6 Kxf6 32. Qc2 Qa6 33. Qe2
Qa5 34. Qd2 Qa3 35. Kf2 Ra4 36. h3 h6 37. g4 Qd6 38. Kg2 Qa6 39. gxf5 Kxf5 40.
Qe2 Qxe2+ 41. Rxe2 Kg5 42. Kg3 Kf5 43. h4 Ra3 44. Kf2 g5 45. Kg3 Ra4 46. e4+
Kf6 47. hxg5+ hxg5 48. Rd2 Ra3 49. Kg4 Ra4 50. Kg3 Ra3 51. Kf2 dxe4 52. fxe4 g4
53. Kg2 Ke7 54. Kf2 Kd6 55. Ke2 Rh3 56. Rd3 Rh2+ 57. Ke3 Rxa2 58. Kf4 Rf2+ 59.
Kxg4 e5 60. Kg3 Rf8 61. d5 Rf4 62. Re3 Kd7 1/2-1/2

[Event "SR 2. liga A 2011/2012"]
[Site "?"]
[Date "2011.10.09"]
[Round "9.3"]
[White "Takacs, Laszlo"]
[Black "Mihalik, Marek"]
[Result "1/2-1/2"]
[WhiteElo "1976"]
[BlackElo "2026"]
[PlyCount "80"]
[EventDate "2011.??.??"]
[WhiteTeam "Slovakia"]
[BlackTeam "Slovakia"]
[WhiteTeamCountry "SVK"]
[BlackTeamCountry "SVK"]

1. e4 c5 2. Nf3 d6 3. d4 cxd4 4. Nxd4 Nf6 5. Nc3 a6 6. Be2 e5 7. Nb3 Be7 8. O-O
O-O 9. Be3 Qc7 10. f3 Be6 11. Bd3 Nbd7 12. Qe1 d5 13. exd5 Nxd5 14. Nxd5 Bxd5
15. Rd1 Be6 16. Kh1 f5 17. Bd2 Bf6 18. Nd4 Bxa2 19. Nxf5 Bc4 20. Ba5 b6 21. Qc3
Rac8 22. Bxc4+ Qxc4 23. Qxc4+ Rxc4 24. Rxd7 bxa5 25. Ne3 Rc5 26. b3 Bg5 27. Nc4
e4 28. Rd6 exf3 29. Rxf3 Rxf3 30. gxf3 a4 31. Rxa6 axb3 32. cxb3 Bf4 33. Ra5
Rc7 34. Rf5 g5 35. h4 h6 36. hxg5 hxg5 37. Kg1 Rb7 38. Na5 Rb8 39. Rd5 Kf7 40.
Rd3 Ke6 1/2-1/2

[Event "SR 2. liga A 2011/2012"]
[Site "?"]
[Date "2011.10.09"]
[Round "9.4"]
[White "Stepanovic, Branislav"]
[Black "Obdrzalkova, Anita"]
[Result "1-0"]
[WhiteElo "1995"]
[BlackElo "1994"]
[PlyCount "61"]
[EventDate "2011.??.??"]
[WhiteTeam "Slovakia"]
[BlackTeam "Slovakia"]
[WhiteTeamCountry "SVK"]
[BlackTeamCountry "SVK"]

1. e4 c5 2. Nf3 d6 3. d4 cxd4 4. Nxd4 Nf6 5. Nc3 a6 6. Bg5 e6 7. f4 Be7 8. Qf3
Qc7 9. O-O-O Nbd7 10. g4 b5 11. a3 Bb7 12. Bxf6 Nxf6 13. g5 Nd7 14. Kb1 Rc8 15.
h4 Nb6 16. f5 exf5 17. Nxf5 Bf8 18. Qf4 Na4 19. Rh3 g6 20. Nxd6+ Bxd6 21. Rxd6
O-O 22. e5 Nxc3+ 23. Rxc3 Qa5 24. Rxc8 Bxc8 25. Bd3 Qe1+ 26. Ka2 Re8 27. h5
Be6+ 28. b3 Qc3 29. Qf6 Bxb3+ 30. cxb3 Qd2+ 31. Kb1 1-0

[Event "SR 2. liga A 2011/2012"]
[Site "?"]
[Date "2011.10.09"]
[Round "9.5"]
[White "Ujhelyi, Matus"]
[Black "Pobjecky, Ivan"]
[Result "0-1"]
[WhiteElo "1972"]
[BlackElo "2058"]
[PlyCount "78"]
[EventDate "2011.??.??"]
[WhiteTeam "Slovakia"]
[BlackTeam "Slovakia"]
[WhiteTeamCountry "SVK"]
[BlackTeamCountry "SVK"]

1. e4 g6 2. d4 Bg7 3. c4 d6 4. Nc3 Nf6 5. g3 O-O 6. Bg2 Nc6 7. Nf3 e5 8. d5 Ne7
9. O-O Nh5 10. Nh4 a6 11. a4 Qe8 12. Bf3 Bh3 13. Bg2 Bxg2 14. Kxg2 f5 15. Qe2
f4 16. Nf3 h6 17. Ng1 g5 18. g4 Nf6 19. f3 h5 20. h3 Ng6 21. b4 Qd7 22. Kf2 Nh4
23. Ke1 Rf7 24. Ra3 Raf8 25. Nb1 c6 26. Nd2 cxd5 27. cxd5 Rc8 28. Kd1 Qc7 29.
Nb3 Qc3 30. Qd2 Qc4 31. Rf2 Rfc7 32. Bb2 Ng2 33. Na5 Ne3+ 34. Ke1 Qc2 35. Qxc2
Nxc2+ 36. Kd1 Nxa3 37. Bxa3 Bf8 38. Ne2 h4 39. Nc1 Nd7 0-1

[Event "SR 2. liga A 2011/2012"]
[Site "?"]
[Date "2011.10.09"]
[Round "9.6"]
[White "Nemsak, Denis"]
[Black "Merva, Frantisek"]
[Result "0-1"]
[WhiteElo "1916"]
[BlackElo "2047"]
[PlyCount "60"]
[EventDate "2011.??.??"]
[WhiteTeam "Slovakia"]
[BlackTeam "Slovakia"]
[WhiteTeamCountry "SVK"]
[BlackTeamCountry "SVK"]

1. c4 Nf6 2. Nc3 g6 3. e4 d6 4. d4 Bg7 5. f4 e5 6. fxe5 dxe5 7. d5 Nbd7 8. Nf3
a6 9. Bd3 Qe7 10. Qe2 h6 11. O-O g5 12. a3 Nh5 13. g3 Ndf6 14. Kg2 Bg4 15. h3
Bc8 16. Bd2 g4 17. hxg4 Bxg4 18. Rh1 O-O-O 19. Na4 Rdg8 20. c5 Bf8 21. Be1 Bd7
22. c6 Nf4+ 23. Kf1 Nxe2 24. Kxe2 Bg4 25. cxb7+ Kxb7 26. Rc1 Qd7 27. Rc6 Bxf3+
28. Kxf3 Qg4+ 29. Kg2 Nxe4 30. Bxa6+ Kb8 0-1

[Event "SR 2. liga A 2011/2012"]
[Site "?"]
[Date "2011.10.09"]
[Round "9.7"]
[White "Partys, Petr"]
[Black "Strapko, Tomas"]
[Result "1-0"]
[WhiteElo "2027"]
[BlackElo "1932"]
[PlyCount "111"]
[EventDate "2011.??.??"]
[WhiteTeam "Slovakia"]
[BlackTeam "Slovakia"]
[WhiteTeamCountry "SVK"]
[BlackTeamCountry "SVK"]

1. e4 c5 2. c3 Nc6 3. d4 cxd4 4. cxd4 d5 5. exd5 Qxd5 6. Nf3 Bg4 7. Be2 Nf6 8.
Nc3 Qa5 9. O-O e6 10. h3 Bh5 11. g4 Bg6 12. Qb3 Qb4 13. Be3 a6 14. Ne5 Qxb3 15.
axb3 Nxe5 16. dxe5 Nd7 17. Bf3 Rb8 18. Ba7 Ra8 19. Bd4 Rb8 20. Rfd1 Bc5 21. Ra5
Bb4 22. Ra4 Bxc3 23. bxc3 O-O 24. Ra2 b6 25. b4 f5 26. Rxa6 fxg4 27. Bxg4 Bf5
28. Kg2 Bxg4 29. hxg4 Ra8 30. Rda1 Rxa6 31. Rxa6 Rf4 32. f3 Kf7 33. Ra7 Ke8 34.
Ra8+ Ke7 35. Kg3 Rf8 36. Ra7 Rb8 37. Rc7 Kd8 38. Rc6 Ke7 39. f4 g6 40. Rc7 Kd8
41. Ra7 Kc8 42. Kf3 Rb7 43. Ra2 Kc7 44. Ke4 Kc6 45. c4 Kc7 46. f5 Nf8 47. Rf2
gxf5+ 48. gxf5 exf5+ 49. Rxf5 Ne6 50. Be3 Kd8 51. Rf6 Ke7 52. Rh6 Nf8 53. Bxb6
Nd7 54. Bc5+ Ke8 55. Kd5 Nxc5 56. Kxc5 1-0

[Event "SR 2. liga A 2011/2012"]
[Site "?"]
[Date "2011.10.09"]
[Round "9.8"]
[White "Slaby, Jozef"]
[Black "Koloditsova, Renata"]
[Result "1/2-1/2"]
[WhiteElo "1856"]
[BlackElo "1839"]
[PlyCount "127"]
[EventDate "2011.??.??"]
[WhiteTeam "Slovakia"]
[BlackTeam "Slovakia"]
[WhiteTeamCountry "SVK"]
[BlackTeamCountry "SVK"]

1. d4 Nf6 2. c4 e6 3. Nf3 d5 4. e3 c5 5. dxc5 Bxc5 6. Nbd2 Nc6 7. a3 Qe7 8. b4
Bd6 9. c5 Bc7 10. Bb2 e5 11. h3 a6 12. Be2 O-O 13. Qc2 Rd8 14. Nb3 h6 15. O-O-O
Be6 16. g4 a5 17. bxa5 Nxa5 18. Nxa5 Rxa5 19. Kb1 Rxc5 20. Qa4 Bd7 21. Qb3 Ra8
22. Rc1 Rxc1+ 23. Rxc1 Bc6 24. Bb5 Bxb5 25. Qxb5 Bd6 26. a4 Qd7 27. Bxe5 Bxe5
28. Nxe5 Qe7 29. Qb2 Ne4 30. f4 Rxa4 31. Nd3 Qa3 32. Rc8+ Kh7 33. Qxa3 Rxa3 34.
Kc2 Nd6 35. Rd8 Nc4 36. Re8 Ra2+ 37. Kc3 Re2 38. Kd4 Rd2 39. Kc3 Re2 40. Kd4 b5
41. Kxd5 Rxe3 42. Rxe3 Nxe3+ 43. Kc5 f6 44. Kxb5 h5 45. gxh5 Kh6 46. Kc5 Nf5
47. Kd5 Ng3 48. Kd4 Kxh5 49. Ke3 Kh4 50. Nf2 f5 51. Kf3 Nh5 52. Nd3 Kxh3 53.
Ne5 Nf6 54. Ng6 Nd5 55. Ne5 Kh4 56. Ng6+ Kh5 57. Ne5 Kh6 58. Nf7+ Kg6 59. Ne5+
Kf6 60. Nd3 Ke6 61. Nc5+ Ke7 62. Nd3 Kd6 63. Kg3 Nc3 64. Kf3 1/2-1/2

[Event "SR 2. liga A 2011/2012"]
[Site "?"]
[Date "2011.10.09"]
[Round "10.1"]
[White "Bronis, Marian"]
[Black "Jablonicky, Frantisek"]
[Result "0-1"]
[WhiteElo "2160"]
[BlackElo "2187"]
[PlyCount "94"]
[EventDate "2011.??.??"]
[WhiteTeam "Slovakia"]
[BlackTeam "Slovakia"]
[WhiteTeamCountry "SVK"]
[BlackTeamCountry "SVK"]

1. d4 f5 2. g3 Nf6 3. Bg2 g6 4. c3 Bg7 5. Bg5 Nc6 6. Nh3 Ne4 7. Bc1 O-O 8. O-O
h6 9. Nd2 Nxd2 10. Bxd2 Kh7 11. Qc2 d5 12. Nf4 e6 13. e3 Ne7 14. c4 c6 15. Bb4
Re8 16. Nd3 g5 17. Bxe7 Qxe7 18. f4 Bd7 19. Rf2 Rf8 20. Bf1 Be8 21. Ne5 Rg8 22.
Bd3 Bxe5 23. fxe5 Bg6 24. Raf1 h5 25. h3 g4 26. Kh2 Kg7 27. h4 Rgc8 28. c5 b6
29. cxb6 axb6 30. Qb3 Qa7 31. Bb1 c5 32. e4 c4 33. Qe3 dxe4 34. Rd2 Rf8 35. d5
b5 36. Qxa7+ Rxa7 37. d6 Rc8 38. Kg2 Be8 39. Rfd1 Bd7 40. Kf2 Rc5 41. Ke3 Rxe5
42. Kf4 Rc5 43. Kg5 Rc8 44. b3 cxb3 45. axb3 Rc5 46. Rc2 Rxc2 47. Bxc2 Ra2 0-1

[Event "SR 2. liga A 2011/2012"]
[Site "?"]
[Date "2011.10.09"]
[Round "10.2"]
[White "Sekera, Branislav"]
[Black "Biro, Karol"]
[Result "1-0"]
[WhiteElo "2151"]
[BlackElo "2158"]
[PlyCount "69"]
[EventDate "2011.??.??"]
[WhiteTeam "Slovakia"]
[BlackTeam "Slovakia"]
[WhiteTeamCountry "SVK"]
[BlackTeamCountry "SVK"]

1. d4 d6 2. Nf3 Nf6 3. c4 h6 4. Nc3 Bf5 5. e3 e6 6. Be2 Be7 7. O-O O-O 8. Kh1
c6 9. Ng1 d5 10. f3 Nbd7 11. g4 Bh7 12. Nh3 Ne8 13. e4 dxe4 14. fxe4 Nd6 15. e5
Ne4 16. Bd3 Nxc3 17. Bxh7+ Kxh7 18. bxc3 c5 19. Rb1 b6 20. Be3 cxd4 21. cxd4
Rc8 22. Rb2 Kg8 23. g5 hxg5 24. Rg2 Rxc4 25. Bxg5 f6 26. Bh6 Rf7 27. d5 Nc5 28.
d6 Bf8 29. Qh5 Qa8 30. Ng5 Qb7 31. Nxf7 Qxf7 32. Qf3 Rh4 33. Bxg7 Bxg7 34. exf6
Rh7 35. Qa8+ 1-0

[Event "SR 2. liga A 2011/2012"]
[Site "?"]
[Date "2011.10.09"]
[Round "10.3"]
[White "Dolnak, Michal"]
[Black "Kozinka, Roman"]
[Result "0-1"]
[WhiteElo "2098"]
[BlackElo "2056"]
[PlyCount "52"]
[EventDate "2011.??.??"]
[WhiteTeam "Slovakia"]
[BlackTeam "Slovakia"]
[WhiteTeamCountry "SVK"]
[BlackTeamCountry "SVK"]

1. d4 Nf6 2. c4 e6 3. g3 d5 4. Nf3 Nbd7 5. Bg2 Bb4+ 6. Bd2 Be7 7. Nc3 O-O 8. b3
dxc4 9. bxc4 c5 10. d5 Nb6 11. e4 Nxc4 12. Bf4 Qa5 13. Rc1 Nxe4 14. Qd3 exd5
15. O-O Nxc3 16. Rxc3 Be6 17. Ng5 Bxg5 18. Bxg5 h6 19. Bf4 Rfd8 20. Rc2 b5 21.
Qf3 Rac8 22. Re2 Qa3 23. Qh5 Qc3 24. Rfe1 Qf6 25. Rxe6 fxe6 26. Bh3 Rc6 0-1

[Event "SR 2. liga A 2011/2012"]
[Site "?"]
[Date "2011.10.09"]
[Round "10.4"]
[White "Lukac, Tomas"]
[Black "Kebis, Milos"]
[Result "1-0"]
[WhiteElo "2009"]
[BlackElo "2008"]
[PlyCount "95"]
[EventDate "2011.??.??"]
[WhiteTeam "Slovakia"]
[BlackTeam "Slovakia"]
[WhiteTeamCountry "SVK"]
[BlackTeamCountry "SVK"]

1. e4 g6 2. d4 Bg7 3. Nc3 d6 4. Be3 Nf6 5. Be2 O-O 6. h3 Nc6 7. Nf3 e5 8. O-O
exd4 9. Nxd4 Re8 10. Nxc6 bxc6 11. Bf3 Nd7 12. Rb1 Ne5 13. Be2 Be6 14. f4 Nc4
15. Bd4 Bxd4+ 16. Qxd4 c5 17. Qf2 Nd2 18. f5 Bd7 19. fxg6 fxg6 20. Bc4+ Nxc4
21. Qf7+ Kh8 22. Qxc4 Be6 23. Nd5 Bxd5 24. Qxd5 Rb8 25. Rf7 Rf8 26. Rbf1 Rxf7
27. Rxf7 Rxb2 28. Qe6 Rb8 29. Re7 Qf8 30. Rf7 Qh6 31. Qf6+ Kg8 32. Qe6 Kh8 33.
Qf6+ Kg8 34. Rxc7 Rf8 35. Qe6+ Kh8 36. Qxd6 Qe3+ 37. Kh2 Qf4+ 38. Qxf4 Rxf4 39.
e5 Rc4 40. e6 Re4 41. e7 Kg8 42. Rxa7 Kf7 43. a4 Re2 44. a5 Rxc2 45. a6 Ra2 46.
Ra8 Kxe7 47. a7 c4 48. Rh8 1-0